000 00384nam a2200145 a 4500
005 20140412111236.0
008 110128s19uu xx 00 eng d
020 _a0-590-13469-8
050 _aM 808
_bSi3 1974
100 _aSilverstein, Shel
245 _aWhere the sidewalk ends /
_cShel Silverstein.
260 _aU.S.A :
_bScholastic,
_c1974.
300 _a166p.
999 _c102438
_d102438